| 000 | 01676nam a22003255i 4500 | ||
|---|---|---|---|
| 001 | 162742 | ||
| 003 | ES-MaACL | ||
| 005 | 20230906212608.0 | ||
| 008 | 960708s1898 sp a |||| | spa d | ||
| 100 | 1 |
_aPulido López, Luis. _994374 |
|
| 245 | 1 | 0 |
_aBiografía de Don Ventura Rodríguez Tizón como arquitecto y restaurador del arte clásico en España en el siglo XVIII / _cpor D. Luis Pulido López y D. Timoteo Díaz Galdós. |
| 260 |
_aMadrid : _b[s.n.], _c1898 ( _fImp. del Asilo de Huérfanos del Sagrado Corazón de Jesús) |
||
| 300 |
_a138 p., [10] h. de lám. ; _c32 cm. |
||
| 490 | 1 | _aBiblioteca del Resumen de arquitectura | |
| 505 | 8 | _aContiene: Reseña histórica de la arquitectura española desde Carlos V a la época de Don Ventura Rodríguez | |
| 530 | _aDisponible en formato digital. | ||
| 597 | _aAntep. | ||
| 597 | _aPort. a varias tintas. | ||
| 599 | _aLám.: retr. de Ventura Rodríguez, fototipias de Hauser y Menet. | ||
| 600 | 1 | 4 |
_aRodríguez, Ventura, _d1717-1785 _998307 |
| 650 | 4 |
_aArquitectura renacentista- _zEspaña. _910052 |
|
| 650 | 4 |
_aArquitectura barroca- _zEspaña. _9151117 |
|
| 700 | 1 |
_aDíaz Galdós, Timoteo. _944281 |
|
| 710 | 2 |
_aHauser y Menet (Madrid) _94558 |
|
| 740 | 0 | 2 | _aReseña histórica de la arquitectura española desde Carlos V a la época de Don Ventura Rodríguez. |
| 830 | 1 |
_aBiblioteca del Resumen de arquitectura _9188429 |
|
| 852 |
_aES-MaACL _jB-11450 _z- Enc. tela gris con hierros dorados |
||
| 856 |
_uhttps://bibliotecavirtualmadrid.comunidad.madrid/bvmadrid_publicacion/es/consulta/registro.do?id=169 _zBiblioteca Digital de la Comunidad de Madrid |
||
| 999 |
_c162742 _d162742 |
||